000 00678nam a2200241 i 4500
001 C2-0325686
003 PPAK
005 20180728123702.0
008 140217s2013 nyua|||| ||||| | eng d
020 _a9781612192123
040 _aPPAK
_beng
_cPPAK
_erda
082 0 4 _a808.042
_223
090 0 0 _a808.042
_bAGE
_dLCK
100 1 _aAgee, James,
_eauthor
245 1 0 _aCotton tenants three families
264 1 _aNew York :
_bMelville House Publishing ,
_c2013
300 _a9 pages., 224 pages :
_billustrations ;
_c20 cm
336 _2rdacontent
_atext
337 _2rdamedia
_aunmediated
338 _2rdacarrier
_avolume
650 1 0 _aReport writing
942 _ddc
_cB
999 _c125391
_d125391